Northern Hemisphere- Sudden Death - Statistics

General Stats
  • This quiz has been taken 155 times
    40 since last reset
  • The average score is 11 of 24
Answers on the Grid
Answers color-coded by a green-red scale on the quiz's grid according to % correct below.
London
Seattle
Singapore
Mogadishu
Black Sea
Hudson Bay
Bay of Bengal
Caribbean Sea
Lake Superior
Caspian Sea
Lake Chad
Lake Baikal
Mount Everest
Mount Pinatubo
Denali
Mount Olympus
Sahara Desert
Gobi Desert
Sonoran Desert
Arabian Desert
Great Pyramid of Giza
Burj Khalifa
Statue of Liberty
Petronas Towers
Sydney
Nairobi
Lake Malawi
Lake Titicaca
Tasman Sea
Weddell Sea
Kilimanjaro
Aconcagua
Australian Outback
Atacama Desert
Machu Picchu
Great Barrier Reef
 
Answer Stats
Answer % Correct
Seattle
65%
Lake Superior
62%
London
62%
Statue of Liberty
62%
Burj Khalifa
58%
Caribbean Sea
58%
Mount Everest
58%
Black Sea
54%
Great Pyramid of Giza
54%
Hudson Bay
54%
Arabian Desert
50%
Caspian Sea
46%
Lake Chad
46%
Sahara Desert
46%
Mogadishu
42%
Mount Olympus
42%
Denali
38%
Singapore
38%
Gobi Desert
35%
Lake Baikal
35%
Bay of Bengal
31%
Sonoran Desert
31%
Petronas Towers
23%
Mount Pinatubo
15%
No matching quizzes found
Score Distribution
Percent of People with Each Score
Percentile by Number Answered
Your Score History
You have not taken this quiz since the last reset